| 000 | 00529nam a22001937a 4500 | ||
|---|---|---|---|
| 003 | OSt | ||
| 005 | 20250524143753.0 | ||
| 008 | 250515b |||||||| |||| 00| 0 eng d | ||
| 020 | _a9789390619221 | ||
| 040 | _cddc | ||
| 082 | _a004 | ||
| 100 | _aPriyanka Randhir | ||
| 245 |
_aBasic Computer & Information Science _cPriyanka Randhir |
||
| 250 | _a1st | ||
| 260 |
_aNew Delhi _bCBS Publishers and Distributors Pvt. Ltd _c2023 |
||
| 650 |
_vPhysiotherapy _xComputer & Information Science |
||
| 942 |
_cBK _2ddc |
||
| 999 |
_c249108 _d249108 |
||